000 00436nam a22001817a 4500
003 MPLRDC
005 20220104142909.0
008 210129b ||||| |||| 00| 0 eng d
020 _a7-5017-0568-2
082 _a494.07 HY
100 _a卡尔. 赫耶
245 _a管理者圣经
_c周勤勤等译
250 _a一版一刷
260 _a
_b中国经济出版社
_c1990
300 _b
650 _a
942 _cBK
_o494.07 HY
999 _c34656
_d34646